000
00205 a2200097 4500
001
10579
100
_a
Seton-Watson, H
245
_a
Neither war nor peace.
260
_a
_b
Methuen
_c
090
_c
8191
_d
8191
942
_a
NUST-CAE
_c
M
_c
34924
999
_c
245652
_d
245652